00473nam a2200133Ia 4500008004100000020001800041100001900059245014300078250001100221260003400232300002100266650003300287650001900320191023s9999 xx 000 0 und d a9781305959002 aRys, John Van. cJohn Van Rys, Verne Meyer, Randall VanderMey, Pat Sebranek.--aThe College writer brief :ba guide to thinking, writing, and researching / a6th ed aUSA :bCengage Learningc2018 axxxi, 544 pages. aEnglish language -- rhetoric aReport writing